000 00448nam a2200157 a 4500
001 000047232
005 20201002053452.0
008 180424s2017 dr a 000 spa d
020 _a9789945176193
040 _aDO-SdBNP
_bspa
_cBNPHU
082 _axxx
_bM425
245 0 _aMatemática 2. :
_bnivel secundaria antiguo 7 básica.
260 _aSanto Domingo :
_bSM,
_c2017.
300 _a239 p. :
_bil ;
_c28. 5 cm.
590 _aInventariado, 2018 / DG
999 _c46720
_d46720